000 00824nam a22002411u 4500
001 14395
003 HDC
007 cr cn ---aaaaa
008 210214p2001 ||||| |||| 00| 0 eng
040 _aHDC
245 0 _aRecommended code of practice for the care and handling of farm animals : Transportation
260 _a[No place] :
_bCanadian Agri-Food Research Council,
_c2001
300 _a75 pages
336 _atext
_2rdacontent
337 _acomputer
_2rdamedia
338 _aonline resource
_2rdacarrier
650 _acode of practice
_914983
650 _afarm animals
_93600
856 _zRequest full-text at [email protected]
942 _2lcc
942 _cEIS
942 _kREPT 000289
999 _c11711
_d11711